Normal view
MARC view
- Farāz, Aḥmad,
Entry Personal Name
001 - CONTROL NUMBER
- control field: 2174
003 - CONTROL NUMBER IDENTIFIER
- control field: NUST
005 - DATE AND TIME OF LATEST TRANSACTION
- control field: 20170607142427.0
008 - FIXED-LENGTH DATA ELEMENTS
- fixed length control field: 170607|| aca||aabn | a|a d
040 ## - CATALOGING SOURCE
- Original cataloging agency: NUST
- Transcribing agency: NUST
100 ## - HEADING--PERSONAL NAME
- Personal name: Farāz, Aḥmad,
- Dates associated with a name: 1931-2008.
670 ## - SOURCE DATA FOUND
- Source citation: Work cat.: (NUST)0: Farāz, Aḥmad, 1931-2008., Pas andāz mausim /, 1990.
